00520nam a2200157Ia 4500008004100000020001800041041000800059082001700067100001800084245002400102250000600126260006500132300001500197999001900212952013100231210716s2015 xx 000 0 und d a9789352131297 aeng a005.304 SUSJ aSussna, Jeff. aDesigning delivery. a1 aNew DelhibShroff Publishers and Distributors Pvt Ltdc2015 axxi,203,21 c195247d195247 001040708MCAaAIMITbAIMITeKnowledge Worldg425.00l0o005.304 SUSJpMCA14756r2026-05-23 00:00:00v331.50w2021-07-16yBK